00682nam a2200205 a 4500001001000000003000900010005001700019007000300036008004100039020001500080040002500095082002400120100004700144245007500191260008600266300002800352500004500380650002400425650002700449000004166DO-SdBNP20240412074202.0ta090717s2005 dr c r 000 p spa d z9993798475 aDO-SdBNPbspacBNPHU 4aRD861.44bC322u2221 aCartagena Portalatín, Aída,d1918-199410aUna mujer está sola :bselección /cAída Cartagena Portalatín. aSan Francisco de Macorís, República Dominicana :bÁngeles de Fierro,c2005. a57 p. :bretr ;c18 cm. aIncluye biografía de la autora (p. 57) 4aPoesía dominicana 0aLiteratura dominicana.